Tilastot visalle K:lla alkavat valtiot

Klikkaa tästä pelataksesi tätä visaa!

Yleistilastot

  • Tätä visaa on pelattu 2 401 kertaa
  • Keskiarvotulos 14 / 20

Vastaustilastot

Valtio% Oikein
Kiina
87%
Kenia
81%
Kongon demokraattinen tasavalta
80%
Kazakstan
80%
Kongon tasavalta
80%
Kanada
78%
Kirgisia
76%
Kamerun
74%
Kreikka
73%
Kolumbia
69%
Kroatia
69%
Kuuba
68%
Kambodža
68%
Kosovo
66%
Kiribati
64%
Kuwait
62%
Kypros
61%
Komorit
59%
Kap Verde
56%
Keski-Afrikan tasavalta
54%

Tulosjakauma

Persentiili vastausten määrän mukaan

Jokaisen tuloksen saaneiden osuus

Tuloshistoriasi

Et ole pelannut tätä visaa